00737cam a22001931 4500001001300000003000400013005001700017008004100034010001700075040001800092050001600110100004000126245018700166260006900353300002700422650003000449700004700479999001700526c 98000126 DLC20260227111038.0801211s1898 ilu 000 0 eng  ac 98000126  aDLCcDLCdDLC00aDS118b.C821 aCornill, Carl Heinrich,d1854-1920.00aHistory of the people of Israel, from the earliest times to the destruction of Jerusalem by the Romans;cwritten for lay readers by Carl Heinrich Cornill ... Tr. by W. H. Carruth ... aChicago,bThe Open court publishing company;c[etc., etc.] 1898. a3 p.l., 325 p.c21 cm. 0aJewsxHistoryyTo 70 A.D.1 aCarruth, William Herbert,d1859-1924,etr. c13094d13094